000 00482nam a2200181Ia 4500
001 25080
005 20260414151126.0
008 260414t2013||||xx |||||||||||||| ||spa||
041 _aESP
082 _a346.2
_bC25
100 _aCanales Torres, Claudia
_eAUT
245 0 _aCriterios en la determinación de la pensión de alimentos en la jurisprudencia
_b
260 _c2013
300 _a207 páginas :
_c24 cm.
650 _aDER
654 _aCDE
942 _cLIB
_dJUS
_fJUS
_2ddc
_n
999 _c25080
_d25080